Airline Quiz - Statistics

General Stats
  • This quiz has been taken 71 times
  • The average score is 14 of 15
Answer Stats
Picture Answer % Correct
American
100%
Air France
98%
Qantas
98%
United
98%
Delta
95%
Ryanair
95%
Singapore
95%
Swiss
95%
Emirates
93%
Frontier
93%
Alaska
91%
Southwest
84%
Lufthansa
82%
British
77%
LOT polish
77%
No matching quizzes found
Score Distribution
Percent of People with Each Score
Percentile by Number Answered
Your Score History
You have not taken this quiz